000 00901nam a2200277 4500
003 EG-GICUC
005 20260504084643.0
008 260504t1945 fr|||||fr|||| 00| 0 fre d
040 _aEG-GiCUC
_bfre
_cEG-GiCUC
_dEG-GiCUC
_eRda
043 _ae-fr---
082 0 4 _221
_a343.2
092 0 4 _221
099 _aLaw1 10 343.2 Go.P 1945
100 1 _aGoyet, Francisque.
245 1 0 _aPrécis de droit pénal spécial :
_bc étude des infractions punies par le code pénal et par les lois les plus importantes /
264 _aParis,
_bRecueil Sirey,
_c1945.
300 _a46 page :
_c 24 cm.
336 _2rda contenu
_a texte
337 _2rda medias
_aOrdinateur
338 _2 transporteur rda
_a Ressource en ligne
650 1 4 _aDroit pénal spécial
_2qrmak
651 1 _2qrmak
856 4 0 _uhttps://fll.law.cu.edu.eg/fulltext/bks/B10-09932.pdf
905 _a17
942 _2ddc
_n0
_cBK
_e21
999 _c75422
_d75422